LEADER 00841cam0 2200253 450 001 E600200031402 005 20200427131241.0 100 $a20071109d1976 |||||ita|0103 ba 101 $aita 102 $aIT 200 1 $aProgetti realizzabili$fManfred Köhnlechner$gtrad. Francesco Saba Sardi 210 $aMilano$cMondadori$d1976 215 $a264 p.$d21 cm 700 1$aKöhnlechner$b, Manfred$3A600200044597$4070$0470669 702 1$aSABA[-]SARDI, Francesco$3AF00023667$4070 801 0$aIT$bUNISOB$c20200427$gRICA 850 $aUNISOB 852 $aUNISOB$j500$m24405 912 $aE600200031402 940 $aM 102 Monografia moderna SBN 941 $aM 957 $a500$b000039$gSi$d24405$racquisto$1pregresso2$2UNISOB$3UNISOB$420071109135833.0$520160128104614.0$6cutolo 996 $aProgetti realizzabili$91688322 997 $aUNISOB